Fihris makhṭūṭāt Dār al-Kutub al-Ẓāhirīyah : al-Taṣawwuf /
محفوظ في:
المؤلف الرئيسي:
مؤلف مشترك:
التنسيق: كتاب
اللغة: Arabic
منشور في:
[Dimashq] :
Majmaʻ al-Lughah al-ʻArabīyah bi-Dimashq,
1978-
الموضوعات:
الوسوم: إضافة وسم
لا توجد وسوم, كن أول من يضع وسما على هذه التسجيلة!
رقم الطلب: Z6621 .D3 A725 v.1-2
| LEADER | 01156cam a2200301 i 4500 | ||
|---|---|---|---|
| 001 | 22303745 | ||
| 003 | OSt | ||
| 005 | 20240404101307.0 | ||
| 008 | 240221m19789999sy c 000 0 arar | ||
| 999 | |c 57015 |d 57015 | ||
| 010 | |a 2021423073 | ||
| 040 | |c ARCE Library | ||
| 042 | |a pcc | ||
| 043 | |a a-sy--- | ||
| 050 | 4 | |a Z6621 .D3 A725 v.1-2 | |
| 100 | 1 | |6 880-01 |a Māliḥ, Muḥammad Riyāḍ., |e author | |
| 245 | 1 | 0 | |6 880-02 |a Fihris makhṭūṭāt Dār al-Kutub al-Ẓāhirīyah : |b al-Taṣawwuf / |c waḍʻ Muḥammad Riyāḍ al-Māliḥ. |
| 264 | 1 | |6 880-03 |a [Dimashq] : |b Majmaʻ al-Lughah al-ʻArabīyah bi-Dimashq, |c 1978- | |
| 300 | |a 2 volumes ; |c 24 cm. | ||
| 610 | 2 | 0 | |6 880-05 |a Dār al-Kutub al-Ẓāhirīyah |v Bibliography. |
| 650 | 0 | |a Islamic law |x Manuscripts |v Bibliography. | |
| 650 | 0 | |a Hanafites |x Manuscripts |v Bibliography. | |
| 650 | 0 | |a Manuscripts, Arabic |z Syria |z Damascus |v Catalogs. | |
| 710 | 2 | |6 880-06 |a Dār al-Kutub al-Ẓāhirīyah. | |
| 880 | 0 | 2 | |6 245-02(3/r |a فهرس مخطوطات دار الكتب الظاهرية : |b التصوف |
| 880 | 0 | 2 | |6 100-01(3/r |a مالح، محمد رياض |
| 901 | |a reviewed | ||
| 942 | |2 lcc |c BK | ||
